| 000 | 00793nam a22002057a 4500 | ||
|---|---|---|---|
| 999 |
_c8476 _d8476 |
||
| 003 | AR-CdUCM | ||
| 008 | 190325b ||||| |||| 00| 0 spa d | ||
| 040 |
_aMUNICIPALIDAD PROVINCIAL DEL CUSCO _cBIBLIOTECA MUNICIPAL DEL CUSCO |
||
| 082 |
_a869.5 / _bSE37 |
||
| 245 | _aLa selva en la narración peruana / | ||
| 260 |
_aLima : _bContinental - Kontinental Verlag, |
||
| 300 |
_a272 páginas ; _c20.5 cm. |
||
| 505 | _aContenido: El animal sobre sus patas traseras -- Olimpia, la aguaruna -- Yacu-mama -- La creciente -- La leyenda del Domingo Siete -- Albañilerías ... | ||
| 650 |
_aCuento peruano _93686 |
||
| 650 |
_aCuentos de costumbres _934 |
||
| 650 |
_aAmazonía. _93433 |
||
| 700 |
_aTaxa Cuadroz, Elías (presentación y selección) _99631 |
||
| 942 |
_2ddc _cLIBROS |
||
| 945 | _aafb | ||